000 00575nam a2200205 i 4500
001 bg
100 1 _aBĘZA, Stanisław.
245 1 0 _aGramatyka niemiecka z ćwiczeniami dla początkujących /
_cStanisław Bęza.
260 _aWarszawa :
_bWydaw. Szkolne PWN,
_c1998.
300 _a375, [1] s. :
_brys. ;
_c24 cm.
650 9 _aJęzyk niemiecki
_xgramatyka
655 _aPodręczniki
020 _a8371950594
040 _cBPK
041 0 _adepl
080 _a811.112.2'36(07)
920 _a83-7195-059-4
942 _cKS
008 s pl f |000 0 pol
999 _c33558
_d33558